000 00864nam a2200265 i 4500
003 DO-SdBNP
005 20251015113741.0
007 ta
008 251015b1993 dr ||||| |||| 00| 0 spa d
040 _aDO-SdBNP
_bspa
_cBNPHU
_erda
041 _aspa
082 4 _axxx
_bxxx
_222
100 _aGautier, Manuel Salvador,
_d1930-2021
_eautor
_4aut.
_929016
245 1 0 _aMonte adentro :
_bcuarta novela de la tetralogía. Tiempo para héroes /
_cManuel Salvador Gautier
250 _aPrimera edición
264 1 _aSanto Domingo :
_beditora Taller,
_c1993.
300 _a130 páginas
_c23 cm.
336 _atexto
_btxt
_2rdacontent
337 _asin mediación
_bn
_2rdamedia
338 _avolumen
_bnc
_2rdacarrier
500 _aIncluye datos biográficos del autor en la contracubierta
590 _aInventariado, 2025/BT
910 _aBtavárez
942 _2ddc
_cLBS1
999 _c59961
_d59961